00618cam a2200229 a 4500001000800000005001700008008004100025010001700066020001500083020001800098035001200116040001800128050002400146082002000170100002200190245003900212260003500251300002100286336002600307337002800333338002700361240498320260216155431.0860411s1986 nyu 000 0 eng  a 86009471  a0399132007 a9780399132001 a2404983 aDLCcDLCdDLC00aPN6162b.R6334 198600a814.54219bROO1 aRooney, Andrew A.10aWord for word /cAndrew A. Rooney. aNew York :bG. Putnam,cc1986. a287 p. ;c24 cm. atextbtxt2rdacontent aunmediatedbn2rdamedia avolumebnc2rdacarrier